Statistiques concernant 12 mois en 15 secondes

Cliquez ici pour prendre le quiz!

Statistiques générales

  • Ce quiz a été pris 45 fois
  • Le résultat moyen est 8 sur 12

Statistiques - réponses

mois% Correct
janvier
95%
mai
82%
mars
82%
avril
77%
février
77%
juillet
73%
juin
73%
août
64%
septembre
64%
octobre
55%
novembre
41%
december
5%

Distribution des résultats

Percentile par nombre de réponses

% des personnes avec chaque résultat

Votre développement - résultats

Vous n’avez pas pris ce quiz